| 000 | 00479nam a2200157Ia 4500 | ||
|---|---|---|---|
| 003 | IQ-KOUCL | ||
| 041 | _aKurdish | ||
| 082 | _a320,9 cut-279 ت | ||
| 100 | _a20260118u\\\\\\\\\\\y0engy0103\\\\ba | ||
| 100 | _aدکتۆر نوورى تاڵەبانى | ||
| 245 | 0 | _aلەپێناو چارەسەرکردنى کێشەکان لە هەرێمى کوردستان | |
| 250 | _aچ1 | ||
| 260 |
_bجابخانە ى دانیشفەڕ _aهەولیر _c2023 |
||
| 300 | _a120 | ||
| 942 | _cBk | ||
| 999 |
_c186599 _d186599 |
||